Najliczniejsze plemiona Indian Ameryki Północnej - Statystyki

Ogólne statystyki
  • Ten quiz został rozwiązany 13 razy
  • Średni wynik to 5 z 15
Statystyki odpowiedzi
Populacja Ojczyzna Plemię % Poprawnych
57 060 Południowy zachód Apacze
83%
108 272 Wielkie Równiny Dakotowie
83%
45 212 Północny wschód Irokezi
75%
281 069 Południowy wschód Czirokezi
42%
269 202 Południowy zachód Nawahowie
33%
105 907 Wielkie Jeziora Czipewejowie
25%
87 349 Południowy zachód Czoktawowie
25%
45 919 Alaska Eskimosi / Inuici
25%
27 104 Wielkie Równiny Blackfeet
17%
20 887 Południowy wschód Czikasawowie
17%
40 223 Południowy wschód Krikowie
17%
55 913 Karolina Północna Lumbee
8%
15 817 Wielkie Jeziora Potawatomi
8%
59 533 Południowy zachód Pueblo
8%
17 466 Południowy zachód Tohono O'odham
8%
Nie znaleziono quizów pasujących do podanych kryteriów
Rozkład punktacji
Procent ludzi z każdym wynikiem
Percentyl według liczby udzielonych odpowiedzi
Twoja historia wyników
Nie rozwiązałeś tego quizu